सृष्टी रंजन - वातावरण. (Record no. 274913)

MARC details
000 -LEADER
fixed length control field 00686nam a2200181Ia 4500
008 - FIXED-LENGTH DATA ELEMENTS--GENERAL INFORMATION
fixed length control field 090630s9999 xx 000 0 und d
082 ## - DEWEY DECIMAL CLASSIFICATION NUMBER
Item number 23057
100 ## - MAIN ENTRY--PERSONAL NAME
Personal name पोेखरकर प्रशांत.
245 ## - TITLE STATEMENT
Title सृष्टी रंजन - वातावरण.
Statement of responsibility, etc पोेखरकर प्रशांत.
260 ## - PUBLICATION, DISTRIBUTION, ETC. (IMPRINT)
Name of publisher, distributor, etc पुष्प.
Date of publication, distribution, etc 2002
300 ## - PHYSICAL DESCRIPTION
Extent 40
600 ## - SUBJECT ADDED ENTRY--PERSONAL NAME
Personal name पोेखरकर प्रशांत.
630 ## - SUBJECT ADDED ENTRY--UNIFORM TITLE
Uniform title सृष्टी रंजन - वातावरण.
655 ## - INDEX TERM--GENRE/FORM
Genre/form data or focus term इतर.
700 ## - ADDED ENTRY--PERSONAL NAME
Personal name पोेखरकर प्रशांत.
730 ## - ADDED ENTRY--UNIFORM TITLE
Uniform title सृष्टी रंजन - वातावरण.
942 ## - ADDED ENTRY ELEMENTS (KOHA)
Koha item type Book
Holdings
Withdrawn status Lost status Damaged status Not for loan Home library Current library Date acquired Cost, normal purchase price Total Checkouts Full call number Barcode Date last seen Cost, replacement price Price effective from Koha item type
        Sarvajanik Wachanalaya Shrivardhan Sarvajanik Wachanalaya Shrivardhan   30.00   23057 SAWASHRI-23057 06/30/2009 30.00 06/30/2009 Book